000 00853nam0a22002531 4500
001 rc\623269
005 20031121164148.4
035 _a(NLR Aleph) 005866071
090 _a5929479
_c5929479
100 _a20031121d1986 u |0rusy50 ca
101 0 _arus
102 _aRU
105 _aa |||||||||
200 1 _aСборка машин легкой промышленности
_eУчеб. пособие
_fКиев. технол. ин-т лег. пром-сти
210 _aКиев
_cКТИЛП
_d1986
215 _a75 с.
_cил.
_d20
320 _aБиблиогр.: с. 74 (9 назв.)
700 1 _aЗенкин
_bА. С.
_gАнатолий Семенович
701 1 _aЗамша
_bА. Л.
_gАндрей Леонидович
801 0 _aRU
_bNLR
_gpsbo
801 1 _aRU
_bELAR
_2rusmarc
852 _aNLR
_j86-4/12819
942 _cBOOK
980 _aNB